000 00241nam a2200097Ia 4500
001 1119779
005 20250827004611.0
008 250824s9999 xx 000 0 und d
245 0 _aBEN BENİM 2-7 22
_cEDDİ ANTER
260 _bDESTEK YAYINLARI
999 _c1119779
_d1119779